00448 2200145 4500001002100000008004100021035002000062245005100082100001700133260002500150300001400175082001000189650009000199990001300289INLIS000000000000541 ind  a0010-0322000541 aMAJAPAHIT GAJAH MADA PEMERSATU NUSANTARAcIKHA aRAHIMSYAH AR aSURABAYAbSERBA JAYA ahlm.ccm. a398.2 aFOLK LITERATURE, FAIRY TALES, MYTH, MYTHOLOGY/CERITA RAKYAT, DONGENG, MITOS, MITOLOGI a102694-1